Welcome to CU Library Online Public Access Catalogue (OPAC)

The 1820 settlers : (Record no. 5102)

MARC details
000 -LEADER
fixed length control field 00721cam a2200193 i 4500
001 - CONTROL NUMBER
control field 330985
005 - DATE AND TIME OF LATEST TRANSACTION
control field 20250322154831.0
008 - FIXED-LENGTH DATA ELEMENTS--GENERAL INFORMATION
fixed length control field 760609s1974 sa a b 001 0 eng
050 00 - LIBRARY OF CONGRESS CALL NUMBER
Classification number DT844
Item number .B87
082 00 - DEWEY DECIMAL CLASSIFICATION NUMBER
Classification number 968/.7/04
100 1# - MAIN ENTRY--PERSONAL NAME
Personal name Butler, Guy,
Dates associated with a name 1918-2001.
245 14 - TITLE STATEMENT
Title The 1820 settlers :
Remainder of title an illustrated commentary /
Statement of responsibility, etc. edited by Guy Butler ; text, Guy Butler & John Benyon ; captions, Eily Gledhill ; pictures, Rex & Barbara Reynolds ; design, Ken Robinson.
260 ## - PUBLICATION, DISTRIBUTION, ETC.
Place of publication, distribution, etc. Cape Town :
Name of publisher, distributor, etc. Human & Rousseau,
Date of publication, distribution, etc. 1974.
300 ## - PHYSICAL DESCRIPTION
Extent 366 p. :
Other physical details ill. ;
Dimensions 31 cm.
500 ## - GENERAL NOTE
General note Includes index.
650 #0 - SUBJECT ADDED ENTRY--TOPICAL TERM
Topical term or geographic name entry element British settlers of 1820 (South Africa)
700 1# - ADDED ENTRY--PERSONAL NAME
Personal name Benyon, J. A.
Fuller form of name (John A.),
Relator term joint author.
942 ## - ADDED ENTRY ELEMENTS (KOHA)
Source of classification or shelving scheme Library of Congress Classification
Koha item type Books
Suppress in OPAC No
999 ## -
-- 5102
-- 5102
Holdings
Withdrawn status Lost status Source of classification or shelving scheme Damaged status Not for loan Collection Home library Current library Shelving location Date acquired Total checkouts Full call number Barcode Date last seen Copy number Price effective from Koha item type
    Library of Congress Classification     Non-fiction Undergraduate Library (Christ Temple) Undergraduate Library (Christ Temple) General stacks 03/22/2025   HD69.B7 CHE ulct00001903 03/22/2025 1 03/22/2025 Books
© 2023-2024 Copyright: Central University Libraries. All Rights Reserved | Created by: Mahone Tech Office